Superheroes and Villains by Multiple Actors Quiz - Statistics

General Stats
  • This quiz has been taken 168 times
  • The average score is 20 of 29
Answer Stats
Actors Hero / Villain % Correct
Adam West, Michael Keaton, Val Kilmer, George Clooney, Christian Bale, Ben Affleck Batman
96%
Lou Ferrigno, Eric Bana, Edward Norton, Mark Ruffalo Hulk
94%
George Reeves, Christopher Reeve, Brandon Routh, Henry Cavill, Superman
94%
Lynda Carter, Gal Gadot Wonder Woman
93%
Cesar Romero, Jack Nicholson, Heath Ledger, Jared Leto Joker
92%
Tobey Maguire, Andrew Garfield, Tom Holland Spider-Man
91%
Ben Affleck, Charlie Cox Daredevil
78%
Patrick Stewart, James McAvoy Professor X
78%
Chris Evans, Michael B. Jordan Human Torch
76%
Topher Grace, Tom Hardy Venom
76%
Terrence Howard, Don Cheadle War Machine
76%
William DaFoe, Dane DeHaan Green Goblin
74%
Jessica Alba, Kate Mara Invisible Woman
69%
Ian McKellen, Michael Fassbender Magneto
69%
Grant Gustin, Ezra Miller Flash
67%
Burgess Meredith, Danny DeVito, Robin Taylor Penguin
66%
Robert Swenson, Tom Hardy Bane
65%
Billy Dee Williams, Tommy Lee Jones, Aaron Eckhart Two Face
61%
Evan Peters, Aaron Taylor-Johnson Quicksilver
60%
Gene Hackman, Kevin Spacey, Jesse Eisenberg Lex Luthor
59%
Jennifer Garner, Elodie Yung Elektra
57%
James Marsden, Tim Pocock, Tye Sheridan, Cyclops
56%
Famke Janssen, Sophie Turner Phoenix
55%
Burt Ward, Chris O'Donnell Robin
55%
Ioan Gruffudd, Miles Teller Mr Fantastic
53%
Dolph Lundgren, Thomas Jane, Ray Stevenson, Jon Bernthal Punisher
50%
Michael Chiklis, Jamie Bell Thing
48%
Terence Stamp, Michael Shannon General Zod
42%
Julian McMahon, Toby Kebbell Dr Doom
36%
No matching quizzes found
Score Distribution
Percent of People with Each Score
Percentile by Number Answered
Your Score History
You have not taken this quiz